| 000 | 00829nam a2200265 a 4500 | ||
|---|---|---|---|
| 003 | MX-MxUPN | ||
| 005 | 20241001063922.0 | ||
| 008 | 030605q1930 mx a fr 001 0 spa d | ||
| 035 | _aUPN01000125064 | ||
| 040 |
_aMX-MxUPN _bspa _cMX-MxUPN |
||
| 041 | _aspa | ||
| 050 | 4 |
_aHF5721 _bS4.2 |
|
| 100 | 1 |
_aServin, Felipe _953481 |
|
| 245 | 1 | 0 | _aCorrespondencia oficial y prontuario del idioma |
| 260 |
_aMéxico : _bEditorial Superación, _c[1930?] |
||
| 300 |
_a159 páginas : _bilustraciones |
||
| 490 | 0 | _aCiencia y técnica | |
| 504 | _aIncluye índice. | ||
| 650 | 2 |
_aCorrespondencia oficial _911152 |
|
| 650 | 2 |
_aRedacción de cartas _xEspañol _97647 |
|
| 710 | 2 |
_aInstituto Nacional de Pedagogía (México) _epropietario anterior _928088 |
|
| 902 | _bMaríaRobles/080924 | ||
| 905 | _aLibro | ||
| 942 |
_2lcc _cLIBRO _n0 |
||
| 999 |
_c97243 _d97243 |
||